Kitāb al-aghānī / (Record no. 44950)

MARC details
000 -LEADER
fixed length control field 00614cam a22002051a 4500
001 - CONTROL NUMBER
control field ne 61000170
003 - CONTROL NUMBER IDENTIFIER
control field DLC
005 - DATE AND TIME OF LATEST TRANSACTION
control field 20260227111733.0
008 - FIXED-LENGTH DATA ELEMENTS--GENERAL INFORMATION
fixed length control field 850814m19551964le 000 0 ara
010 ## - LIBRARY OF CONGRESS CONTROL NUMBER
LC control number ne 61000170
035 ## - SYSTEM CONTROL NUMBER
System control number (OCoLC)12386490
040 ## - CATALOGING SOURCE
Original cataloging agency DLC
Transcribing agency OU
Modifying agency OU
-- DLC
050 00 - LIBRARY OF CONGRESS CALL NUMBER
Classification number PJ7631
Item number .A2 1955
100 0# - MAIN ENTRY--PERSONAL NAME
Personal name Abū al-Faraj al-Iṣbahānī,
Dates associated with a name 897 or 898-967.
245 10 - TITLE STATEMENT
Title Kitāb al-aghānī /
Statement of responsibility, etc. taʼlīf Abī al-Faraj al-Iṣfahānī.
260 ## - PUBLICATION, DISTRIBUTION, ETC.
Place of publication, distribution, etc. Bayrūt :
Name of publisher, distributor, etc. Dār al-Thaqāfah,
Date of publication, distribution, etc. [1955-1964]
300 ## - PHYSICAL DESCRIPTION
Extent 25 v. ;
Dimensions 25 cm.
500 ## - GENERAL NOTE
General note Some volumes in revised editions.
740 0# - ADDED ENTRY--UNCONTROLLED RELATED/ANALYTICAL TITLE
Uncontrolled related/analytical title Aghānī.

No items available.

Powered by Koha